000
00233 a2200097 4500
001
32132
100
_a
Stoll, Henry W
245
_a
Product Design Methods and Practices
260
_a
N.Y
_b
Marcel Dekker
_c
1999
090
_c
21576
_d
21576
942
_a
NUST-CAE
_c
M
_c
12865
999
_c
267205
_d
267205